000 01584nam1a2200289 i 4500
001 RU\NLR\BIBL_A\011097406
005 20260408080644.0
035 _a(NLR Aleph) 011097406
090 _a11400048
_c11400048
100 _a20160226g20159999e y0rusy50 ca
101 0 _arus
102 _aRU
105 _a||||j||||||||
200 1 _aМансийская литература
_eхрестоматия
_eдля учащихся 7 класса общеобразовательных учреждений
_fДепартамент образования и молодеж. политики ХМАО-Югры, Обско-угор. ин-т прикладных исслед. и разраб.
_g[авт.-сост.: Панченко Л. Н.
_gпод ред. Е.В. Косинцевой]
210 _aХанты-Мансийск
_cЮгорский формат
_d2015
215 _d21
606 1 _aМансийская литература
_jХрестоматии для национальной школы
_92074901
_3RU\NLR\AUTH\661249926
686 1 _aШ5(2=Ма)я723-3
702 1 _aПанченко
_bЛ.Н.
_gЛюдмила Николаевна
_4220
702 1 _aКосинцева
_bЕ. В.
_gЕлена Викторовна
_4340
712 0 2 _4570
_aОбско-угорский институт прикладных исследований и разработок
_cХанты-Мансийск
_3RU\NLR\AUTH\8810098523
_9698059
852 _aNLR
_j2016-3/6068
942 _cBOOK